| 000 | 00515nam a2200181Ia 4500 | ||
|---|---|---|---|
| 999 |
_c2596 _d2596 |
||
| 020 | _a81-7049-127-4 | ||
| 082 | _a954.04 GUL-; | ||
| 100 | _aGulati, M.N. | ||
| 245 | 0 | _aPakistan's downfall in Kashmir: the three Indo-Pak wars | |
| 260 |
_aNew Delhi _bManas Publications _c2001 |
||
| 300 | _a336p. | ||
| 504 | _aIncludes index | ||
| 650 | _aIndia - History | ||
| 650 | _aIndia-Pakistan conflict - 1965 | ||
| 650 | _aIndia-Pakistan conflict - 1971 | ||
| 650 | _aIndia-Pakistan conflict - 1947-1949 | ||
| 942 | _cBK | ||